000 00741cam a2200265ua 4500
003 OSt
008 240222b |||||||| |||| 00| 0 eng d
020 _a0-85198-705-2
041 _aeng
082 _a631
_bMAT/PR
100 _aMatthews, John .
_95846
245 0 0 _aProgress in agricultural physics and engineering
250 _a1 /
260 _aNorwood, USA :
_bCAB International ,
_c1991.
300 _a337 ; .
650 _aClimate modelling
_95847
650 _aCrop Preservation
_95848
650 _aGreen house
_95849
650 _aHeat And Mass Transfer
_95850
650 _aImage Analysis
_95851
650 _aPost Harvest Technology
_95852
650 _aRobotics
_95853
650 _aTractor Ride Dynamics
_95854
942 _cBK
999 _c6
_d6